Statistics for Pretty Little Liars

Click here to take the quiz!

General Stats

  • This quiz has been taken 1,489 times
  • The average score is 14 of 15

Answer Stats

Hint Answer % Correct
MontgomeryAria
100%
HastingsSpencer
100%
FieldsEmily
100%
Main AntagonistA
100%
MarinHanna
99%
CavanaughToby
99%
DilaurentisAlison
98%
FitzgeraldEzra
96%
VanderwaalMona
92%
KahnNoel
91%
MarshallJenna
89%
DrakeCeCe
87%
St.GermainMaya
82%
ThomasIan
64%
WildenDarren
61%

Score Distribution

Percentile by Number Answered

Percent of People with Each Score

Your Score History

You have not taken this quiz